[Event "16th Asian Games Team Men"]
[Site "Guangzhou CHN"]
[Date "2010.11.20"]
[Round "3"]
[White "Gameel, Mohamed"]
[Black "Golizadeh, Asghar"]
[Result "0-1"]
[WhiteTitle "FM"]
[BlackTitle "IM"]
[WhiteElo "2217"]
[BlackElo "2508"]
[WhiteTeam "YEM"]
[BlackTeam "IRI"]
[WhiteFideId "9401440"]
[BlackFideId "12505269"]
[EventDate "2010.11.18"]

1. e4 c5 2. Nf3 g6 3. d4 cxd4 4. Nxd4 Nc6 5. Nc3 Bg7 6. Be3 Nf6 7. Bc4 O-O 8.
Nxc6 bxc6 9. O-O d6 10. h3 Rb8 11. Rb1 Qa5 12. Qd2 Nd7 13. f4 Rxb2 14. Rxb2 Bxc3
15. Qc1 Ba6 16. Bxa6 Bxb2 17. Qxb2 Qxa6 18. Qc3 Nf6 19. Qd3 Qxa2 20. Bd4 Qe6 21.
e5 dxe5 22. Bxe5 Nd7 23. Bc3 Qd6 24. Qe3 Nb6 25. Ba1 Nd5 26. Qd4 f6 27. Kh1 Rb8
28. c4 Nxf4 29. Qxd6 exd6 30. Rxf4 Rb1+ 31. Kh2 Rxa1 32. Rxf6 Rd1 33. g4 c5 34.
Kg3 Rd4 0-1

[Event "16th Asian Games Team Men"]
[Site "Guangzhou CHN"]
[Date "2010.11.20"]
[Round "3"]
[White "Shukuraliev, Algis"]
[Black "Lee, Sanghoon"]
[Result "1-0"]
[BlackTitle "CM"]
[WhiteElo "2376"]
[BlackElo "2132"]
[WhiteTeam "KGZ"]
[BlackTeam "KOR"]
[WhiteFideId "13800426"]
[BlackFideId "13200011"]
[EventDate "2010.11.18"]

1. e4 c5 2. Nf3 Nc6 3. d4 cxd4 4. Nxd4 g6 5. c4 Nf6 6. Nc3 Nxd4 7. Qxd4 d6 8.
Be3 Bg7 9. f3 O-O 10. Qd2 Be6 11. Rc1 Qa5 12. Be2 Rfc8 13. O-O a6 14. b3 Nd7 15.
Rfd1 b5 16. Nd5 Qxd2 17. Rxd2 Bxd5 18. Rxd5 bxc4 19. Rxc4 Rxc4 20. Bxc4 Bc3 21.
Rd1 Bb4 22. Kf1 a5 23. Bb5 Nc5 24. e5 dxe5 25. Rd5 Ne6 26. Rxe5 Bd6 27. Re4 Bxh2
28. f4 Rd8 29. Ke2 Bg3 30. Bc4 Rd6 31. Bxe6 fxe6 32. Bd2 e5 33. fxe5 Rd5 34. Ra4
Rxe5+ 35. Kf3 Be1 36. Bxe1 Rxe1 37. Rxa5 Kf7 38. a4 h5 39. b4 Rb1 40. Rb5 Ra1
41. a5 Kf6 42. Rb6+ Kf5 43. a6 e5 44. b5 g5 45. Rb7 e4+ 46. Ke3 Ra3+ 47. Ke2
Ra2+ 48. Kd1 1-0

[Event "16th Asian Games Team Men"]
[Site "Guangzhou CHN"]
[Date "2010.11.20"]
[Round "3"]
[White "Kim, Saebyeok"]
[Black "Samakov, Nurdin"]
[Result "0-1"]
[WhiteElo "1906"]
[BlackElo "2380"]
[WhiteTeam "KOR"]
[BlackTeam "KGZ"]
[WhiteFideId "13200518"]
[BlackFideId "13800345"]
[EventDate "2010.11.18"]

1. e4 c5 2. Nf3 e6 3. d4 cxd4 4. Nxd4 Nf6 5. Nc3 Nc6 6. Ndb5 Bb4 7. a3 Bxc3+ 8.
Nxc3 d5 9. exd5 exd5 10. Bd3 O-O 11. O-O d4 12. Ne2 Bg4 13. f3 Bh5 14. Nf4 Bg6
15. Nxg6 hxg6 16. f4 Ne7 17. Qf3 Qd7 18. Bd2 Nf5 19. Rfe1 Rfe8 20. Bc4 Qc7 21.
b3 Nd6 22. Bd3 Nf5 23. g4 Ne3 24. Bxe3 dxe3 25. g5 Nh5 26. f5 Qe5 27. fxg6 fxg6
28. Kh1 Nf4 29. Bc4+ Kh8 30. Qg4 Qe4+ 31. Kg1 Nh5 32. Qxe4 Rxe4 33. Rad1 Re5 34.
Kh1 b5 35. Rd5 Rxd5 36. Bxd5 Rd8 37. c4 bxc4 38. bxc4 Re8 39. Bf7 Re5 40. Bxg6
Nf4 41. Bc2 e2 42. g6 Kg8 43. h4 Re3 44. Kg1 Rxa3 45. Kf2 Kf8 46. Bf5 Ke7 47.
Rxe2+ Nxe2 48. Kxe2 Kf6 49. Bd3 Ra2+ 50. Ke3 Ke5 51. h5 Rh2 52. Be2 a5 53. Bd1
Rh3+ 54. Kf2 Rh1 55. c5 Rxd1 56. c6 Kf6 0-1

[Event "16th Asian Games Team Men"]
[Site "Guangzhou CHN"]
[Date "2010.11.20"]
[Round "3"]
[White "Akylbekov, Nasyr"]
[Black "Lee, Kiyul"]
[Result "1-0"]
[WhiteElo "2376"]
[BlackElo "1945"]
[WhiteTeam "KGZ"]
[BlackTeam "KOR"]
[WhiteFideId "13800353"]
[BlackFideId "13200054"]
[EventDate "2010.11.18"]

1. e4 e5 2. Nf3 Nc6 3. Nc3 Nf6 4. d4 exd4 5. Nxd4 Bb4 6. Nxc6 bxc6 7. Bd3 d5 8.
exd5 cxd5 9. O-O O-O 10. Bg5 c6 11. Qf3 Bd6 12. h3 Rb8 13. b3 Be5 14. Bd2 Re8
15. Rae1 c5 16. Rxe5 Rxe5 17. Bf4 Qe8 18. Bxe5 Qxe5 19. Na4 Qe7 20. Qe3 Qxe3 21.
fxe3 c4 22. bxc4 dxc4 23. Bxc4 Be6 24. Bb3 Bxb3 25. axb3 Re8 26. Re1 g6 27. Nb2
a5 28. Nc4 a4 29. bxa4 Rc8 30. Nb6 Rxc2 31. Ra1 Rc7 32. a5 Nd7 33. Nxd7 Rxd7 34.
a6 Ra7 35. Kf2 Kg7 36. Ke2 Kf6 37. Kd3 Kg5 38. g3 h5 39. Kc4 f5 40. Kb5 h4 41.
gxh4+ Kxh4 42. Kb6 Ra8 43. Kb7 Rg8 44. a7 Kxh3 45. a8=Q Rxa8 46. Rxa8 g5 47. Kc6
f4 48. exf4 gxf4 49. Rf8 1-0

[Event "16th Asian Games Team Men"]
[Site "Guangzhou CHN"]
[Date "2010.11.20"]
[Round "3"]
[White "Jung, Minwoo"]
[Black "Tologontegin, Semetey"]
[Result "0-1"]
[BlackTitle "FM"]
[WhiteElo "1701"]
[BlackElo "2330"]
[WhiteTeam "KOR"]
[BlackTeam "KGZ"]
[WhiteFideId "13200933"]
[BlackFideId "13800574"]
[EventDate "2010.11.18"]

1. c4 e6 2. Nc3 d5 3. cxd5 exd5 4. d4 Bb4 5. Nf3 Nf6 6. Bg5 Nbd7 7. e3 c5 8. a3
Bxc3+ 9. bxc3 Qa5 10. Qb3 Ne4 11. Rc1 cxd4 12. exd4 Nxg5 13. Nxg5 O-O 14. Be2
Re8 15. Qc2 Nf6 16. O-O h6 17. Nf3 Qxa3 18. Ne5 a6 19. Bd3 Bd7 20. Bh7+ Nxh7 21.
Nxd7 Qd6 22. Nc5 b6 23. Nd3 Nf6 24. Nc5 Nh7 25. Nd3 Nf6 26. Ne5 Rec8 27. f3 Rc7
28. Ra1 Nd7 29. Nxd7 Qxd7 30. Rfb1 b5 31. Ra5 Qc8 32. Ra3 Qe6 33. Qd2 Rac8 34.
Rba1 Rc6 35. Re1 Qd6 36. Rb3 Rc4 37. Ra1 R8c6 38. Rba3 Qe6 39. Re1 Qc8 40. Re3
b4 41. Qe1 bxa3 42. Re8+ Qxe8 43. Qxe8+ Kh7 44. Qxf7 a2 45. Qf5+ Rg6 46. h4
a1=Q+ 47. Kh2 Qe1 0-1

[Event "16th Asian Games Team Men"]
[Site "Guangzhou CHN"]
[Date "2010.11.20"]
[Round "3"]
[White "Modallal, Tarek"]
[Black "Ahmed, Ashraf"]
[Result "1-0"]
[WhiteElo "2028"]
[BlackElo "1774"]
[WhiteTeam "LIB"]
[BlackTeam "MDV"]
[WhiteFideId "5300630"]
[BlackFideId "16700031"]
[EventDate "2010.11.18"]

1. e4 d5 2. exd5 Qxd5 3. Nc3 Qe6+ 4. Be2 Qg6 5. Bf3 Nc6 6. d4 Nb4 7. Be4 Bf5 8.
Qe2 Bxe4 9. Nxe4 Qxg2 10. Qb5+ Nc6 11. Ng3 O-O-O 12. N1e2 Nf6 13. Be3 Rd5 14.
Qc4 e5 15. O-O-O Bd6 16. Nc3 Ra5 17. d5 Nb4 18. Nf5 Bf8 19. d6 Nbd5 20. Rhg1 Qh3
21. Nxd5 c6 22. Nxf6 Qxf5 23. d7+ Kd8 24. Qxf7 Be7 25. Qe8+ Kc7 26. Qf7 Kd8 27.
Qe8+ Kc7 28. Qxe7 1-0

[Event "16th Asian Games Team Men"]
[Site "Guangzhou CHN"]
[Date "2010.11.20"]
[Round "3"]
[White "Aboudi, Marwan"]
[Black "Battulga, Namkhai"]
[Result "1/2-1/2"]
[BlackTitle "FM"]
[WhiteElo "2196"]
[BlackElo "2428"]
[WhiteTeam "JOR"]
[BlackTeam "MGL"]
[WhiteFideId "8100160"]
[BlackFideId "4900880"]
[EventDate "2010.11.18"]

1. e4 c5 2. c3 d5 3. exd5 Qxd5 4. d4 Nc6 5. Nf3 Bg4 6. Be2 cxd4 7. cxd4 e6 8. h3
Bh5 9. O-O Nf6 10. Nc3 Qa5 11. Be3 Bd6 12. Qb3 Qb4 13. Qxb4 Nxb4 14. g4 Bg6 15.
Nb5 Bb8 16. Ne5 Nfd5 17. Rfc1 O-O 18. Nxg6 hxg6 19. a3 Nc6 20. Bf3 Rd8 21. Nc3
Nf4 22. Bxc6 bxc6 23. h4 Bc7 24. Kf1 Rab8 25. Na4 e5 26. dxe5 Bxe5 27. Bxf4 Bxf4
28. Rxc6 Rd4 29. b4 a5 30. Nc5 axb4 31. Na6 Ra8 32. axb4 Rxb4 33. Nxb4 Rxa1+ 34.
Kg2 Rd1 35. Rc4 g5 36. hxg5 Bxg5 37. Rc5 Bf6 38. Rd5 Rc1 39. Nd3 Rc4 40. Kf3 1/2-1/2

[Event "16th Asian Games Team Men"]
[Site "Guangzhou CHN"]
[Date "2010.11.20"]
[Round "3"]
[White "Alshoha, Basel"]
[Black "Munkhgal, Gombosuren"]
[Result "0-1"]
[WhiteElo "2106"]
[BlackElo "2316"]
[WhiteTeam "JOR"]
[BlackTeam "MGL"]
[WhiteFideId "8101914"]
[BlackFideId "4901266"]
[EventDate "2010.11.18"]

1. f4 d5 2. Nf3 c5 3. b3 Nf6 4. Bb2 g6 5. e3 Bg7 6. Bb5+ Bd7 7. Be2 O-O 8. d3
Nc6 9. O-O Re8 10. Ne5 Qc7 11. Nd2 Rad8 12. Ndf3 Ng4 13. Nxg4 Bxb2 14. Rb1 Bg7
15. Nf2 d4 16. e4 Qxf4 17. g3 Qc7 18. Qd2 e5 19. Nh4 Qc8 20. Bf3 b5 21. Bg2 Rf8
22. Rbe1 Be6 23. h3 c4 24. g4 a5 25. Nh1 a4 26. bxa4 bxa4 27. Ng3 c3 28. Qc1
Bxa2 29. Qa3 Be6 30. Nhf5 f6 31. Qc5 gxf5 32. exf5 Nb8 33. Qa3 Bf7 34. Rb1 Nd7
35. Rb5 Qc7 36. Rfb1 Rb8 37. Rb7 Rxb7 38. Rxb7 Qd8 39. Ne4 Bd5 40. Ra7 Kh8 41.
Rb7 Kg8 42. Ra7 Kh8 43. Nxf6 Nxf6 44. g5 Bxg2 45. Kxg2 Nd5 46. f6 Nxf6 0-1

[Event "16th Asian Games Team Men"]
[Site "Guangzhou CHN"]
[Date "2010.11.21"]
[Round "4"]
[White "Sadvakasov, Darmen"]
[Black "Antonio, Rogelio Jr"]
[Result "1/2-1/2"]
[WhiteTitle "GM"]
[BlackTitle "GM"]
[WhiteElo "2627"]
[BlackElo "2573"]
[WhiteTeam "KAZ"]
[BlackTeam "PHI"]
[WhiteFideId "13700464"]
[BlackFideId "5200032"]
[EventDate "2010.11.18"]

1. e4 c6 2. d4 d5 3. Nd2 dxe4 4. Nxe4 Bf5 5. Ng3 Bg6 6. h4 h6 7. Nf3 Nd7 8. h5
Bh7 9. Bd3 Bxd3 10. Qxd3 e6 11. Bd2 Ngf6 12. O-O-O Be7 13. Ne4 Nxe4 14. Qxe4 Nf6
15. Qd3 Qd5 16. c4 Qe4 17. Qb3 b5 18. Rhe1 Qh7 19. Ne5 Rc8 20. Nxc6 Rxc6 21.
Qxb5 Kd7 22. Bc3 a6 23. Qb7+ Rc7 24. Qxa6 Rb8 25. Re3 Ne4 26. Qa4+ Kc8 27. Qa6+
Kd7 28. Qa4+ Kc8 29. Qa6+ 1/2-1/2

[Event "16th Asian Games Team Men"]
[Site "Guangzhou CHN"]
[Date "2010.11.21"]
[Round "4"]
[White "Gomez, John Paul"]
[Black "Jumabayev, Rinat"]
[Result "1-0"]
[WhiteTitle "GM"]
[BlackTitle "GM"]
[WhiteElo "2522"]
[BlackElo "2571"]
[WhiteTeam "PHI"]
[BlackTeam "KAZ"]
[WhiteFideId "5201381"]
[BlackFideId "13702661"]
[EventDate "2010.11.18"]

1. e4 e6 2. d4 d5 3. Nc3 Nf6 4. Bg5 dxe4 5. Nxe4 Nbd7 6. Nxf6+ Nxf6 7. Nf3 c5 8.
c3 a6 9. Ne5 Be7 10. dxc5 Qxd1+ 11. Rxd1 Bxc5 12. Be2 Nd7 13. Bh5 Rf8 14. O-O
Be7 15. Bf4 Nb6 16. c4 Na4 17. b3 Nc5 18. b4 Na4 19. c5 Nc3 20. Nc4 Nxd1 21.
Rxd1 Bd7 22. Rxd7 Kxd7 23. Nb6+ Kc6 24. Bf3+ Kb5 25. Bd2 Bxc5 26. bxc5 Rad8 27.
Be3 Rd3 28. Be2 Rd8 29. g4 Kb4 30. Bxd3 Rxd3 31. a4 f5 32. gxf5 exf5 33. f4 Ra3
34. Kf2 Ra2+ 35. Kg3 Kc3 36. h4 Ra1 37. Kf3 g6 38. Bf2 Kd3 39. Nd7 Kd2 40. Be3+
Ke1 41. Nb6 Ra3 42. a5 1-0

[Event "16th Asian Games Team Men"]
[Site "Guangzhou CHN"]
[Date "2010.11.21"]
[Round "4"]
[White "Khusnutdinov, Rustam"]
[Black "Torre, Eugenio"]
[Result "1/2-1/2"]
[WhiteTitle "GM"]
[BlackTitle "GM"]
[WhiteElo "2524"]
[BlackElo "2484"]
[WhiteTeam "KAZ"]
[BlackTeam "PHI"]
[WhiteFideId "13701703"]
[BlackFideId "5200016"]
[EventDate "2010.11.18"]

1. e4 e5 2. Nf3 Nc6 3. d4 exd4 4. Nxd4 Bc5 5. Be3 Qf6 6. c3 Nge7 7. Bc4 Ne5 8.
Be2 d5 9. O-O O-O 10. f4 N5c6 11. e5 Qh4 12. Qd2 Bb6 13. Nb5 Bxe3+ 14. Qxe3 Nf5
15. Qc5 Qd8 16. N1a3 a6 17. Nd4 Nce7 18. Nxf5 Bxf5 19. Rad1 b6 20. Qf2 Qc8 21.
Bf3 Qe6 22. c4 Be4 23. cxd5 Bxd5 24. f5 Qxe5 25. Rfe1 Qd6 26. f6 gxf6 27. Rxe7
Qxe7 28. Rxd5 Rad8 29. Rh5 Qd6 30. Nc2 Rfe8 31. h3 Re5 32. Ne3 Rxh5 33. Bxh5 Qc5
34. Bf3 Re8 35. Nf1 Re5 36. b3 f5 37. g3 Kg7 38. Kg2 Qxf2+ 39. Kxf2 Ra5 40. a4
Rc5 41. Ne3 Kf6 42. Be2 b5 43. axb5 axb5 44. b4 Re5 45. Nc2 c5 46. bxc5 Rxc5 47.
Nb4 Rc1 48. Bd3 Ke5 49. Bc2 Rh1 50. h4 h6 51. Ke3 Re1+ 52. Kf3 Rf1+ 53. Ke3 Re1+
54. Kf3 Rf1+ 55. Ke2 Rg1 56. Kf2 Rh1 57. Nc6+ Kd5 58. Ne7+ Ke5 59. Ke3 Re1+ 60.
Kf2 Rc1 61. Bd3 b4 62. Ke2 b3 63. Nxf5 b2 64. Nxh6 Kf6 65. Ng4+ Kg7 66. Ne3 b1=Q
67. Bxb1 Rxb1 68. Kf3 Kg6 69. Kf4 Rb4+ 70. Kf3 Ra4 71. Ng4 Kf5 72. Nh6+ Kg6 73.
Ng4 Kf5 74. Nh6+ Kg6 1/2-1/2

[Event "16th Asian Games Team Men"]
[Site "Guangzhou CHN"]
[Date "2010.11.21"]
[Round "4"]
[White "Filippov, Anton UZB"]
[Black "Nguyen, Ngoc Truong Son"]
[Result "0-1"]
[WhiteTitle "GM"]
[BlackTitle "GM"]
[WhiteElo "2620"]
[BlackElo "2628"]
[WhiteTeam "UZB"]
[BlackTeam "VIE"]
[WhiteFideId "14200988"]
[BlackFideId "12401110"]
[EventDate "2010.11.18"]

1. e4 c5 2. Nf3 g6 3. d4 cxd4 4. Nxd4 Bg7 5. Nc3 Nc6 6. Nde2 Nf6 7. g3 d6 8. Bg2
O-O 9. O-O Be6 10. h3 Rc8 11. Kh2 Bc4 12. Rb1 e6 13. b3 Ba6 14. Re1 Qa5 15. Bd2
Rfd8 16. Kg1 Qc7 17. Rc1 b5 18. a3 b4 19. axb4 Nxb4 20. Nb5 Bxb5 21. Bxb4 a5 22.
Bd2 Nd7 23. Bg5 Bf6 24. Bxf6 Nxf6 25. Nd4 Be8 26. c4 Qb6 27. Qd2 Nd7 28. Ra1 e5
29. Nb5 Nc5 30. Re3 Bxb5 31. cxb5 Qxb5 32. Qxa5 Qxa5 33. Rxa5 Rb8 34. Ra7 Rxb3
35. Rxb3 Nxb3 36. h4 Nc5 37. h5 Kg7 38. h6+ Kf6 39. f3 Rd7 40. Ra8 Kg5 41. Bh3
Rc7 42. Rd8 Nb7 43. Rg8 Kxh6 44. Bf1 Kg5 45. Rh8 h5 46. Kf2 Rc2+ 47. Ke3 Rc3+
48. Kf2 Kf6 49. Bb5 Nc5 50. Rd8 Ne6 51. Rxd6 Kg7 52. Rd2 g5 53. Be2 h4 54. Kg2
Nd4 55. Bd1 g4 56. gxh4 Nxf3 57. Bxf3 Rxf3 58. Rd5 f6 59. Rd7+ Kg6 60. Rd8 Rf4
61. Kg3 Rxe4 62. Rg8+ Kf5 63. Rh8 Re3+ 64. Kf2 Kf4 0-1

[Event "16th Asian Games Team Men"]
[Site "Guangzhou CHN"]
[Date "2010.11.21"]
[Round "4"]
[White "Cao, Sang"]
[Black "Barsov, Alexei"]
[Result "1/2-1/2"]
[WhiteTitle "GM"]
[BlackTitle "GM"]
[WhiteElo "2547"]
[BlackElo "2507"]
[WhiteTeam "VIE"]
[BlackTeam "UZB"]
[WhiteFideId "725056"]
[BlackFideId "14200082"]
[EventDate "2010.11.18"]

1. e4 e6 2. d4 d5 3. Nc3 Nf6 4. Bg5 dxe4 5. Nxe4 Nbd7 6. Nf3 h6 7. Bxf6 Nxf6 8.
Bd3 c5 9. Qe2 Qa5+ 10. c3 a6 11. dxc5 Nxe4 12. Qxe4 Qxc5 13. O-O g6 14. Bc2 Bg7
15. Ba4+ Kf8 16. Rad1 Bf6 17. Rfe1 Kg7 18. Ne5 Ra7 19. Ng4 Be7 20. Bc2 f5 21.
Qf3 b6 22. Ne5 Bf6 23. Nd3 Qc7 24. Nf4 Be5 25. Rxe5 Qxe5 26. Qg3 Kf7 27. Nxg6
Qxg3 28. Nxh8+ Kg7 29. fxg3 Rd7 30. Rxd7+ Bxd7 31. g4 Kxh8 32. gxf5 exf5 33. Kf2
Kg7 34. Ke3 Kf6 35. Kf4 a5 36. c4 Be6 37. Bd3 a4 38. g3 Bd7 39. Bc2 Be6 40. Bxa4
Bxc4 41. Bc2 Bxa2 42. Bxf5 Bb3 43. Bd3 Ke6 44. h4 Kf6 45. g4 Bd1 46. b4 Ke6 47.
Bc4+ Kf6 48. Bd5 Be2 49. g5+ hxg5+ 50. hxg5+ Ke7 51. Ke5 Bh5 52. Be4 Be8 53. g6
Ba4 54. Bd5 1/2-1/2

[Event "16th Asian Games Team Men"]
[Site "Guangzhou CHN"]
[Date "2010.11.21"]
[Round "4"]
[White "Battulga, Namkhai"]
[Black "Ghaem Maghami, Ehsan"]
[Result "1/2-1/2"]
[WhiteTitle "FM"]
[BlackTitle "GM"]
[WhiteElo "2428"]
[BlackElo "2593"]
[WhiteTeam "MGL"]
[BlackTeam "IRI"]
[WhiteFideId "4900880"]
[BlackFideId "12500739"]
[EventDate "2010.11.18"]

1. e4 c5 2. Nf3 e6 3. d4 cxd4 4. Nxd4 a6 5. Bd3 Nf6 6. O-O Qc7 7. Qe2 d6 8. Kh1
g6 9. f4 Bg7 10. c4 O-O 11. Nc3 Nbd7 12. Be3 b6 13. Rac1 Bb7 14. b4 Rac8 15. Nb3
Rfe8 16. c5 dxc5 17. bxc5 Nxc5 18. Nxc5 bxc5 19. Bxa6 Bxa6 20. Qxa6 Red8 21. Qe2
Qc6 22. Bg1 c4 23. a4 Qa6 24. Rf3 Rd3 25. e5 Nd7 26. Rd1 Rxd1 27. Qxd1 Qc6 28.
Nb5 Qd5 29. Qc2 Bf8 30. Nc3 Qc6 31. Nb5 Qd5 32. Nc3 Qc6 33. Nb5 Qd5 34. Nc3 Qc6
35. Nb5 Qd5 1/2-1/2

[Event "16th Asian Games Team Men"]
[Site "Guangzhou CHN"]
[Date "2010.11.21"]
[Round "4"]
[White "Abdul Rahman Ali"]
[Black "Shukuraliev, Algis"]
[Result "0-1"]
[WhiteElo "1936"]
[BlackElo "2376"]
[WhiteTeam "MDV"]
[BlackTeam "KGZ"]
[WhiteFideId "16700066"]
[BlackFideId "13800426"]
[EventDate "2010.11.18"]

1. d4 Nf6 2. e3 g6 3. f4 Bg7 4. Bd3 d6 5. Nf3 O-O 6. O-O Nc6 7. Bb5 Nb8 8. Bd3
Nc6 9. Bb5 Nb8 10. c3 c6 11. Bd3 Nbd7 12. f5 e5 13. fxe6 fxe6 14. Ng5 Qe7 15.
Qe2 e5 16. e4 h6 17. Nf3 a6 18. Nbd2 b5 19. b3 Nh5 20. g3 Kh7 21. Ba3 c5 22.
Rad1 Nhf6 23. Bc1 cxd4 24. cxd4 exd4 25. Nxd4 Ne5 26. Bb1 Qa7 27. Bb2 Bg4 28.
Nf3 Nxf3+ 29. Rxf3 Nd7 30. Kg2 Ne5 31. Rdf1 Nxf3 32. Nxf3 Rxf3 33. Rxf3 Rf8 0-1

[Event "16th Asian Games Team Men"]
[Site "Guangzhou CHN"]
[Date "2010.11.21"]
[Round "4"]
[White "Samakov, Nurdin"]
[Black "Ahmed, Fuad"]
[Result "1-0"]
[WhiteElo "2380"]
[BlackElo "1830"]
[WhiteTeam "KGZ"]
[BlackTeam "MDV"]
[WhiteFideId "13800345"]
[BlackFideId "16700023"]
[EventDate "2010.11.18"]

1. e4 e6 2. Qe2 c5 3. d3 Nc6 4. Nf3 Nge7 5. g3 Ng6 6. Bg2 Bd6 7. O-O b6 8. h4
Bb7 9. Nbd2 Rc8 10. h5 Nge5 11. Nxe5 Nxe5 12. f4 Nc6 13. Qg4 O-O 14. Nc4 f5 15.
exf5 exf5 16. Qh3 Qf6 17. Bd2 Bc7 18. Bc3 Qh6 19. Ne3 Nd8 20. Nxf5 Rxf5 21. Qxf5
Bxg2 22. Kxg2 1-0

[Event "16th Asian Games Team Men"]
[Site "Guangzhou CHN"]
[Date "2010.11.21"]
[Round "4"]
[White "Ahmed, Ashraf"]
[Black "Akylbekov, Nasyr"]
[Result "1-0"]
[WhiteElo "1774"]
[BlackElo "2376"]
[WhiteTeam "MDV"]
[BlackTeam "KGZ"]
[WhiteFideId "16700031"]
[BlackFideId "13800353"]
[EventDate "2010.11.18"]

1. e4 e5 2. Nf3 Nc6 3. Bb5 a6 4. Ba4 Nf6 5. d4 Nxe4 6. Bxc6 dxc6 7. Qe2 Nf6 8.
Bg5 Be7 9. dxe5 Nd5 10. Bxe7 Qxe7 11. Nbd2 Nf4 12. Qf1 Bg4 13. O-O-O Qe6 14. Kb1
O-O-O 15. h3 Bxf3 16. Nxf3 Rxd1+ 17. Qxd1 Rd8 18. Qe1 Nxg2 19. Qe4 f5 20. Qe2
Qd5 21. Rg1 Nf4 22. Qe3 Nxh3 23. Rc1 Qe4 24. Qa7 Qxf3 25. e6 1-0

[Event "16th Asian Games Team Men"]
[Site "Guangzhou CHN"]
[Date "2010.11.21"]
[Round "4"]
[Black "Mohamed Hassan MDV"]
[White "Tologontegin, Semetey"]
[Result "1-0"]
[WhiteTitle "FM"]
[WhiteElo "2330"]
[BlackElo "1780"]
[WhiteTeam "KGZ"]
[BlackTeam "MDV"]
[WhiteFideId "13800574"]
[BlackFideId "16700058"]
[EventDate "2010.11.18"]

1. Nf3 Nf6 2. g3 e6 3. Bg2 Nc6 4. O-O d5 5. c4 Be7 6. d4 dxc4 7. Qa4 O-O 8. Qxc4
Qd5 9. Qa4 Qh5 10. Nc3 Bd7 11. Qb3 b6 12. h3 Rad8 13. e4 e5 14. dxe5 Nxe5 15.
Nxe5 Qxe5 16. Bf4 Qh5 17. g4 Bxg4 18. hxg4 Nxg4 19. Nd5 Rxd5 20. Qxd5 g5 21.
Bxc7 Rd8 22. Qb3 Bd6 23. Bxd6 Rxd6 24. Qh3 Qxh3 25. Bxh3 Nh6 26. Rfd1 1-0

[Event "16th Asian Games Team Men"]
[Site "Guangzhou CHN"]
[Date "2010.11.21"]
[Round "4"]
[White "Abdul Moula, Sabri"]
[Black "Al-Tamimi, Hamad"]
[Result "1/2-1/2"]
[WhiteTitle "CM"]
[WhiteElo "2189"]
[BlackElo "2236"]
[WhiteTeam "YEM"]
[BlackTeam "QAT"]
[WhiteFideId "9400087"]
[BlackFideId "12100285"]
[EventDate "2010.11.18"]

1. d4 d5 2. c4 e6 3. Nf3 Nf6 4. Nc3 Be7 5. e3 O-O 6. Ne5 Nbd7 7. f4 dxc4 8. Bxc4
c5 9. O-O cxd4 10. exd4 Nb6 11. Bb3 Bd7 12. Be3 Bc6 13. f5 exf5 14. Rxf5 Nbd5
15. Bg5 Rc8 16. Nxc6 bxc6 17. Qf3 Nxc3 18. bxc3 c5 19. Bxf6 Bxf6 20. dxc5 Qa5
21. c6 Qb6+ 22. Kh1 Qxc6 23. Rc1 Qxf3 24. Rxf3 Rc7 25. Bd5 Rd8 26. Rd1 Kf8 27.
c4 Rxc4 28. Bxc4 Rxd1+ 29. Rf1 Rxf1+ 30. Bxf1 1/2-1/2

[Event "16th Asian Games Team Men"]
[Site "Guangzhou CHN"]
[Date "2010.11.21"]
[Round "4"]
[White "Lee, Sanghoon"]
[Black "Minhazuddin, Ahmed"]
[Result "0-1"]
[WhiteTitle "CM"]
[BlackTitle "FM"]
[WhiteElo "2132"]
[BlackElo "2350"]
[WhiteTeam "KOR"]
[BlackTeam "BAN"]
[WhiteFideId "13200011"]
[BlackFideId "10201955"]
[EventDate "2010.11.18"]

1. d4 Nf6 2. c4 e6 3. g3 d5 4. Nf3 b6 5. Bg2 Bb7 6. O-O Be7 7. Nc3 O-O 8. Ne5 c6
9. b3 Nfd7 10. Nxd7 Nxd7 11. e4 dxc4 12. bxc4 c5 13. d5 Bf6 14. Qb3 Bd4 15. Bb2
Ne5 16. Na4 Ba6 17. Rfc1 exd5 18. exd5 Bxc4 19. Rxc4 Nxc4 20. Qxc4 b5 21. Qxb5
Rb8 22. Qe2 Bxb2 23. Nxb2 Qf6 24. Rb1 Rb4 25. Qc2 Rfb8 26. Qxc5 Rxb2 27. Rxb2
Qxb2 28. Qxa7 Qe5 29. Bf3 g6 30. Kg2 Rb1 31. Qc5 Qe1 32. Kh3 Qf1+ 33. Bg2 Qd3
34. Qe3 Qxe3 35. fxe3 Ra1 36. Kg4 Rxa2 37. Bf3 Rxh2 38. Kf4 f6 39. e4 Rf2 40.
Ke3 Ra2 41. Kd4 Ra3 42. d6 Kf7 43. Be2 Ke6 44. Kc5 Rc3+ 45. Kd4 Rxg3 0-1

[Event "16th Asian Games Team Men"]
[Site "Guangzhou CHN"]
[Date "2010.11.21"]
[Round "4"]
[White "Rahman, Ziaur"]
[Black "Lee, Kiyul"]
[Result "1-0"]
[WhiteTitle "GM"]
[WhiteElo "2527"]
[BlackElo "1945"]
[WhiteTeam "BAN"]
[BlackTeam "KOR"]
[WhiteFideId "10200037"]
[BlackFideId "13200054"]
[EventDate "2010.11.18"]

1. d4 d5 2. Nf3 Nf6 3. c4 c6 4. e3 Nbd7 5. Bd3 e6 6. b3 Be7 7. O-O O-O 8. Bb2
Ne4 9. Nc3 f5 10. Ne2 Bd6 11. Nf4 Qf6 12. Bc2 g5 13. Nd3 g4 14. Nfe5 Qh4 15. Nf4
Ng5 16. f3 Nxe5 17. dxe5 Bc5 18. Bd4 Bxd4 19. Qxd4 gxf3 20. gxf3 Kf7 21. Kh1 Nh3
22. Nxh3 Qxh3 23. Qf4 Rg8 24. Rg1 Bd7 25. Bd3 dxc4 26. Bxc4 c5 27. e4 Bc6 28. a4
Ke7 29. Bb5 Bxb5 30. axb5 a5 31. bxa6 Rxa6 32. Rad1 Raa8 33. exf5 Rxg1+ 34. Rxg1
Qxf5 35. Rg7+ Kf8 36. Qxf5+ exf5 37. Rxh7 Ra2 38. Kg1 b5 39. Rc7 Rc2 40. h4 b4
41. Rb7 Re2 42. f4 Re4 43. h5 Rxf4 44. h6 Rh4 45. h7 c4 46. bxc4 1-0

[Event "16th Asian Games Team Men"]
[Site "Guangzhou CHN"]
[Date "2010.11.21"]
[Round "4"]
[White "Jung, Minwoo"]
[Black "Abu Sufian, Shakil"]
[Result "0-1"]
[BlackTitle "FM"]
[WhiteElo "1701"]
[BlackElo "2340"]
[WhiteTeam "KOR"]
[BlackTeam "BAN"]
[WhiteFideId "13200933"]
[BlackFideId "10200916"]
[EventDate "2010.11.18"]

1. c4 e5 2. Nc3 Nc6 3. g3 g6 4. Bg2 Bg7 5. e3 d6 6. Nge2 f5 7. O-O Nf6 8. f4 e4
9. d3 exd3 10. Qxd3 O-O 11. Nd4 Bd7 12. Nd5 Re8 13. Nb5 Rc8 14. Rd1 a6 15. Ndxc7
Rxc7 16. Nxc7 Qxc7 17. Qxd6 Qxd6 18. Rxd6 Kf7 19. Bd2 Bf8 20. Rd3 Bc5 21. b4
Nxb4 22. Bxb4 Bxb4 23. Bxb7 a5 24. h3 Bc5 25. Kf2 Ba4 26. Rc1 Kg7 27. Bf3 Ne4+
28. Bxe4 Rxe4 29. a3 Re7 30. Rcc3 Bc6 31. Rd8 Rc7 32. Rb3 a4 33. Rbb8 Bxa3 34.
Rdc8 Rxc8 35. Rxc8 Be4 36. Rc7+ Kf6 37. Ra7 Bc2 38. g4 Bb2 39. Ke2 a3 40. g5+
Ke6 41. Ra6+ Kd7 42. Kd2 Bb1 43. Ra7+ Kc6 44. Rxh7 a2 45. Ra7 a1=Q 0-1